Law of Bail: (Record no. 587132)
[ view plain ]
| 000 -LEADER | |
|---|---|
| fixed length control field | 00407nam a22001337a 4500 |
| 082 ## - DEWEY DECIMAL CLASSIFICATION NUMBER | |
| Classification number | 345.5491072 QUR |
| 100 ## - MAIN ENTRY--PERSONAL NAME | |
| Personal name | Qureshi, Waseem Ahmad |
| 245 ## - TITLE STATEMENT | |
| Title | Law of Bail: |
| Remainder of title | with up-to-date Case Laws / |
| Statement of responsibility, etc. | Waseem Ahmad Qureshi |
| 260 ## - PUBLICATION, DISTRIBUTION, ETC. | |
| Place of publication, distribution, etc. | Islamabad : |
| Name of publisher, distributor, etc. | Islamabad Law Book House, |
| Date of publication, distribution, etc. | 2014. |
| 300 ## - PHYSICAL DESCRIPTION | |
| Extent | 817 p. ; |
| Dimensions | 24 cm. |
| 942 ## - ADDED ENTRY ELEMENTS (KOHA) | |
| Source of classification or shelving scheme | |
| Koha item type | Book |
| Withdrawn status | Lost status | Source of classification or shelving scheme | Damaged status | Not for loan | Permanent Location | Current Location | Shelving location | Date acquired | Source of acquisition | Full call number | Barcode | Date last seen | Price effective from | Koha item type |
|---|---|---|---|---|---|---|---|---|---|---|---|---|---|---|
| NUST Law School (NLS) | NUST Law School (NLS) | Law | 12/07/2021 | Federal Law House | 345.5491072 QUR | CL-708 | 12/07/2021 | 12/07/2021 | Book |
